000 01034cam a2200253 4500
001 ABS62515
008 000000n2000 000 0 eng u
035 _a(Sirsi) u107079
100 _aShelton, M.
245 4 _aThe Contracts (Rights of Third Parties) Act 1999 and commercial leases
260 _c2000
490 _aRent Review and Lease Renewal
_v73(119) Part 2 June 2000, 89-93(5)
520 _aExamines the Contracts (Rights of Third Parties) Act 1999 which came into force 11 November 1999, in the context of commercial leases. Outlines the main features of the Act and also considers some of the technical problems which can occur. Suggests that problems can be solved by careful drafting of appropriate lease terms.
590 _aABS
650 _aCONTRACTS (RIGHTS OF THIRD PARTIES) ACT 1999
650 _aCOMMERCIAL LEASES
650 _aLEASE TERMS
650 _aDRAFTING
650 _aSUBLEASE
650 _aLEASE RENEWAL
650 _aTHIRD PARTIES
690 _aLANDLORD AND TENANT-LEASES
942 _n0
999 _c64030
_d64030